Wuthering Heights: роман
| Hovedforfatter: | |
|---|---|
| Summary: | На английском языке. Издание является оригинальным пересказом замечательного романа английской писательницы Эмилии Бронте «Грозовой перевал». Эмилия Бронте (1818—1848) — одна из знаменитых сестер Бронте, оставивших яркий след в истории литературы. События, о которых рассказывается в романе «Грозовой перевал» (1847), происходят во времена «старой доброй Англии», но в жизни его героев нет спокойствия и безмятежности. В центре повествования — страстная трагическая любовь ярких романтических героев, которые не могут быть вместе. Книга написана живым образным языком и снабжена лексико-грамматическим и лингвострановедче-ским комментарием. |
| Sprog: | russisk engelsk |
| Udgivet: |
Москва, Айрис-Пресс, 2006
|
| Serier: | Классика в пересказе English |
| Fag: | |
| Format: | MixedMaterials Bog |
| KOHA link: | https://koha.lib.tpu.ru/cgi-bin/koha/opac-detail.pl?biblionumber=104238 |
MARC
| LEADER | 00000nam0a2200000 4500 | ||
|---|---|---|---|
| 001 | 104238 | ||
| 005 | 20231101214532.0 | ||
| 035 | |a (RuTPU)RU\TPU\book\112355 | ||
| 090 | |a 104238 | ||
| 100 | |a 20061030d2006 m y0rusy50 ca | ||
| 101 | 0 | |a rus |a eng | |
| 102 | |a RU | ||
| 105 | |a y z 000ay | ||
| 200 | 1 | |a Wuthering Heights |d Грозовой перевал |e роман |f Э. Бронте | |
| 210 | |a Москва |c Айрис-Пресс |d 2006 | ||
| 215 | |a 184 p. |c il. | ||
| 225 | 1 | |a Классика в пересказе | |
| 225 | 1 | |a English | |
| 300 | |a На английском языке. | ||
| 320 | |a Commentary: p. 138-180. | ||
| 330 | |a Издание является оригинальным пересказом замечательного романа английской писательницы Эмилии Бронте «Грозовой перевал». Эмилия Бронте (1818—1848) — одна из знаменитых сестер Бронте, оставивших яркий след в истории литературы. События, о которых рассказывается в романе «Грозовой перевал» (1847), происходят во времена «старой доброй Англии», но в жизни его героев нет спокойствия и безмятежности. В центре повествования — страстная трагическая любовь ярких романтических героев, которые не могут быть вместе. Книга написана живым образным языком и снабжена лексико-грамматическим и лингвострановедче-ским комментарием. | ||
| 610 | 1 | |a английская литература | |
| 610 | 1 | |a английский язык | |
| 610 | 1 | |a романы | |
| 610 | 1 | |a проза | |
| 610 | 1 | |a книги для чтения | |
| 675 | |a 82 |v 3 | ||
| 700 | 1 | |a Бронте |b Э. |c английская писательница |f 1918-1948 |g Эмили |2 stltpush |3 (RuTPU)RU\TPU\pers\9150 |9 1787 | |
| 801 | 1 | |a RU |b 63413507 |c 20061030 |g PSBO | |
| 801 | 2 | |a RU |b 63413507 |c 20130618 |g PSBO | |
| 942 | |c BK | ||